|
|
|
|
| LEADER |
02674nam a22005295i 4500 |
| 001 |
978-0-387-23044-3 |
| 003 |
DE-He213 |
| 005 |
20151029231106.0 |
| 007 |
cr nn 008mamaa |
| 008 |
130823s2005 xxu| s |||| 0|eng d |
| 020 |
|
|
|a 9780387230443
|9 978-0-387-23044-3
|
| 024 |
7 |
|
|a 10.1007/978-0-387-23044-3
|2 doi
|
| 040 |
|
|
|d GrThAP
|
| 050 |
|
4 |
|a TK7874.6
|
| 072 |
|
7 |
|a UYQE
|2 bicssc
|
| 072 |
|
7 |
|a COM025000
|2 bisacsh
|
| 082 |
0 |
4 |
|a 004.6
|2 23
|
| 100 |
1 |
|
|a Obermaisser, Roman.
|e author.
|
| 245 |
1 |
0 |
|a Event-Triggered and Time-Triggered Control Paradigms
|h [electronic resource] /
|c by Roman Obermaisser.
|
| 264 |
|
1 |
|a Boston, MA :
|b Springer US :
|b Imprint: Springer,
|c 2005.
|
| 300 |
|
|
|a X, 153 p. 46 illus.
|b online resource.
|
| 336 |
|
|
|a text
|b txt
|2 rdacontent
|
| 337 |
|
|
|a computer
|b c
|2 rdamedia
|
| 338 |
|
|
|a online resource
|b cr
|2 rdacarrier
|
| 347 |
|
|
|a text file
|b PDF
|2 rda
|
| 490 |
1 |
|
|a Real-Time Systems Series,
|x 1867-321X ;
|v 22
|
| 505 |
0 |
|
|a Basic Concepts and Related Work -- Requirements of an Integrated Architecture -- Integrated System Architecture for Event-Triggered and Time-Triggered Control Paradigms -- Controller Area Network Emulation in the Time-Triggered Architecture -- Results and Validation -- Conclusion.
|
| 520 |
|
|
|a Event-Triggered and Time-Triggered Control Paradigms presents a valuable survey about existing architectures for safety-critical applications and discusses the issues that must be considered when moving from a federated to an integrated architecture. The book focuses on one key topic--the amalgamation of the event-triggered and the time-triggered control paradigm into a coherent integrated architecture. The architecture provides for the integration of independent distributed application subsystems by introducing multi-criticality nodes and virtual networks of known temporal properties.
|
| 650 |
|
0 |
|a Computer science.
|
| 650 |
|
0 |
|a Microprocessors.
|
| 650 |
|
0 |
|a Special purpose computers.
|
| 650 |
|
0 |
|a Computer system failures.
|
| 650 |
|
0 |
|a Architecture, Computer.
|
| 650 |
|
0 |
|a Computers.
|
| 650 |
1 |
4 |
|a Computer Science.
|
| 650 |
2 |
4 |
|a Special Purpose and Application-Based Systems.
|
| 650 |
2 |
4 |
|a Theory of Computation.
|
| 650 |
2 |
4 |
|a Processor Architectures.
|
| 650 |
2 |
4 |
|a System Performance and Evaluation.
|
| 650 |
2 |
4 |
|a Computer System Implementation.
|
| 710 |
2 |
|
|a SpringerLink (Online service)
|
| 773 |
0 |
|
|t Springer eBooks
|
| 776 |
0 |
8 |
|i Printed edition:
|z 9780387230436
|
| 830 |
|
0 |
|a Real-Time Systems Series,
|x 1867-321X ;
|v 22
|
| 856 |
4 |
0 |
|u http://dx.doi.org/10.1007/978-0-387-23044-3
|z Full Text via HEAL-Link
|
| 912 |
|
|
|a ZDB-2-SCS
|
| 950 |
|
|
|a Computer Science (Springer-11645)
|